Uudenkaupungin autotehtaalla valmistetut automallit - Statistics

Yleistilastot
  • Tätä visaa on pelattu 34 kertaa
  • Keskiarvotulos 9 / 19
Vastaustilastot
Hint Vastaus % Oikein
Mercedes-benz A-sarja
97%
Saab 95
79%
Saab 90
76%
Saab 9-3
69%
Saab 900
66%
Saab 96
66%
Saab 99
62%
Saab 9000
48%
Fisker Karma
48%
Talbot Horizon
41%
Lada Samara
41%
Porsche Cayman
38%
Porsche Boxster
34%
Mercedes-benz GLC-sarja
34%
Opel Calibra
24%
TH!NK City
21%
Talbot Solara/1510
21%
Mercedes-benz AMG GT
17%
Mercedes-benz AMG GT 4-door coupe
17%
Ehtoja vastaavia visoja ei löytynyt
Tulosjakauma
Jokaisen tuloksen saaneiden osuus
Persentiili vastausten määrän mukaan
Tuloshistoriasi
Et ole pelannut tätä visaa